000 01069cam a22002531i 4500
003 SA-RiAUC
005 20241006071707.0
008 241005s1995 su g 000 0dara c
040 _aSD-OmOIU
_bara
_cSA-RiAUC.
_erda
043 _aa-ba---
082 0 4 _a953.7
_qSA-RiAUC
090 _a953.7
_bع م ا
100 1 _aالعماري، فضل بن عمار بن صالح،
_d1364 هجري-
_eمؤلف.
245 1 0 _aابن مقرب وتاريخ الإمارة العيونية في بلاد البحرين /
_cتأليف فضل بن عمار العماري.
264 1 _aالرياض :
_bمكتبة التوبة،
_c1995
300 _a203 صفحة ؛
_c24 سم
336 _aنص
_btxt
_2rdacontent
_3كتاب
337 _aبدون وسيط
_bn
_2rdamedia
338 _aمجلد
_bnc
_2rdacarrier
600 1 7 _aابن المقرب العيوني، علي بن المقرب بن منصور،
_d572-629 هجري
_2aucnm
651 7 _aالبحرين
_xتاريخ
_yالعيونيون، 1076-1238
_2aucsh
942 _2ddc
_cBOOK
_n0
949 _aSA-JeALM
_d241005
_umohamedma123
_n1
999 _c904
_d904